LEADER 03160nas 2201069- 450 001 9910134502203321 005 20240912213021.0 011 $a1873-3468 035 $a(DE-599)ZDB1460391-3 035 $a(OCoLC)38872089 035 $a(CKB)954925399501 035 $a(CONSER)--2002238922 035 $a(EXLCZ)99954925399501 100 $a19980331a19689999 s-- a 101 0 $aeng 135 $aurmnu|||||||| 181 $ctxt$2rdacontent 182 $cc$2rdamedia 183 $acr$2rdacarrier 200 10$aFEBS letters 210 1$aAmsterdam, Netherlands :$cNorth-Holland Pub. Co.,$d1968- 215 $a1 online resource 300 $aRefereed/Peer-reviewed 300 $aTitle from contents screen (ScienceDirect, viewed Oct. 29, 2003). 300 $aImprint varies. 311 $a0014-5793 517 1 $aFederation of European Biochemical Societies letters 531 $aFEBS LETTER 531 $aFEBS LETT 531 $aFEBS LETTERS FEDERATION OF EUROPEAN BIOCHEMICAL SOCIETIES 606 $aBiochemistry$vPeriodicals 606 $aBiophysics$vPeriodicals 606 $aMolecular biology$vPeriodicals 606 $aBiochemistry 606 $aBiophysics 606 $aBiochemistry$vPeriodicals 606 $aBiochemistry 606 $aBiophysics 606 $aBiochimie$xPériodiques 606 $aBiochimie$vPériodiques 606 $aBiophysique$vPériodiques 606 $aBiologie moléculaire$vPériodiques 606 $aBiochimie 606 $aBiophysique 606 $abiochemistry$2aat 606 $aBiochemistry$2fast$3(OCoLC)fst00831961 606 $aBiophysics$2fast$3(OCoLC)fst00832656 606 $aMolecular biology$2fast$3(OCoLC)fst01024734 606 $aMolekularbiologie$2gnd 606 $aZeitschrift$2gnd 606 $aOnline-Ressource$2gnd 606 $aBiophysik$2gnd 606 $aBiochemie$2gnd 606 $aBiochemie$2gtt 606 $aBiofysica$2gtt 606 $aMoleculaire biologie$2gtt 608 $aPeriodicals.$2fast 610 $aElectronic journals$aPlus prints. 610 $aScienceDirect$aText files. 610 $aTitles of electronic journals. 610 $aTitles of journals. 615 0$aBiochemistry 615 0$aBiophysics 615 0$aMolecular biology 615 0$aBiochemistry. 615 0$aBiophysics. 615 0$aBiochemistry 615 2$aBiochemistry. 615 2$aBiophysics. 615 6$aBiochimie$xPériodiques. 615 6$aBiochimie 615 6$aBiophysique 615 6$aBiologie moléculaire 615 6$aBiochimie. 615 6$aBiophysique. 615 7$abiochemistry. 615 7$aBiochemistry. 615 7$aBiophysics. 615 7$aMolecular biology. 615 7$aMolekularbiologie. 615 7$aZeitschrift. 615 7$aOnline-Ressource. 615 7$aBiophysik. 615 7$aBiochemie. 615 17$aBiochemie. 615 17$aBiofysica. 615 17$aMoleculaire biologie. 712 02$aFederation of European Biochemical Societies, 906 $aJOURNAL 912 $a9910134502203321 996 $aFEBS letters$9795451 997 $aUNINA